[Event "GRE-chT 46th"]
[Site "Rio Achaia"]
[Date "2018.07.12"]
[Round "4.12"]
[White "Juhasz, Barbara"]
[Black "Markaki, Sofia"]
[Result "1-0"]
[WhiteElo "2227"]
[BlackElo "1694"]
[PlyCount "87"]
[EventDate "2018.07.10"]
[EventType "team"]
[EventRounds "7"]
[EventCountry "GRE"]
[SourceTitle "CBM 185 Extra"]
[Source "ChessBase"]
[SourceDate "2018.07.29"]
[SourceVersion "1"]
[SourceVersionDate "2018.07.29"]
[SourceQuality "1"]
[WhiteTeam "Evoiki EV"]
[BlackTeam "Chania Kaissa"]
[WhiteTeamCountry "GRE"]
[BlackTeamCountry "GRE"]

1. e4 c5 2. Nf3 d6 3. Bb5+ Nd7 4. d4 cxd4 5. Qxd4 a6 6. Bxd7+ Qxd7 7. c4 Nf6 8. Nc3 e6 9. 0-0 Be7 10. Rd1 0-0 11. b3 b5 12. cxb5 axb5 13. e5 Ne8 14. exd6 Nxd6 15. Bb2 f6 16. Qe3 Qb7 17. Rd2 b4 18. Na4 Nf5 19. Qe2 Qa6 20. Qd1 e5 21. Rc1 Be6 22. h3 Rac8 23. Rcc2 Rxc2 24. Rxc2 Rc8 25. Bc1 e4 26. Ne1 Kf7 27. Rxc8 Qxc8 28. Nc2 g6 29. Ne3 Nh4 30. Bb2 Kg7 31. Qd4 Qc6 32. Nb6 Bxh3 33. Nbd5 Qe6 34. Nf4 Qc8 35. Nxh3 Qxh3 36. Qxe4 Qd7 37. Qxh4 Qd2 38. Qd4 Qe1+ 39. Nf1 h5 40. Qe3 Qxe3 41. Nxe3 g5 42. Nf5+ Kf7 43. Nxe7 Kxe7 44. Bd4 1-0

[Event "GRE-chT 45th"]
[Site "Achaia"]
[Date "2017.07.07"]
[Round "6.4"]
[White "Cyfka, Karina"]
[Black "Markaki, Sofia"]
[Result "1-0"]
[WhiteElo "2396"]
[BlackElo "1670"]
[PlyCount "109"]
[EventDate "2017.07.03"]
[EventType "team-swiss"]
[EventRounds "7"]
[EventCountry "GRE"]
[SourceTitle "CBM 179 Extra"]
[Source "ChessBase"]
[SourceDate "2017.08.23"]
[SourceVersion "1"]
[SourceVersionDate "2017.08.23"]
[SourceQuality "1"]
[WhiteTeam "Irakleiou Attikis"]
[BlackTeam "Chania Kaissa"]
[WhiteTeamCountry "GRE"]
[BlackTeamCountry "GRE"]

1. e4 c5 2. Nc3 d6 3. g3 g6 4. Bg2 Nc6 5. d3 Bg7 6. f4 e6 7. Nf3 Nge7 8. 0-0 0-0 9. Ne2 Nd4 10. c3 Nxe2+ 11. Qxe2 a6 12. Be3 Qa5 13. a3 Bd7 14. Nd2 Rac8 15. g4 f5 16. exf5 exf5 17. Bxb7 Rb8 18. Nc4 Qc7 19. Bf3 fxg4 20. Bxg4 Kh8 21. Rae1 Nf5 22. Bc1 Rbe8 23. Qf2 Nh6 24. Bf3 Bf5 25. Rxe8 Rxe8 26. Re1 Re7 27. Rxe7 Qxe7 28. Qe2 Qd7 29. Bd2 Ng8 30. Be3 h6 31. Bf2 Kh7 32. Ne3 Be6 33. Nd5 Bf5 34. Be4 Nf6 35. Bf3 Qf7 36. Ne3 Be6 37. Bg3 Nd5 38. Ng2 Bf8 39. Qe4 Nb6 40. Qc6 Qa7 41. Nh4 Bf5 42. Nxf5 gxf5 43. Bh5 Nd7 44. Qd5 Kh8 45. Bh4 Nb6 46. Qe6 Qg7+ 47. Kf2 Kh7 48. Qxf5+ Kg8 49. Qe6+ Kh7 50. f5 Qd7 51. Qg6+ Kh8 52. Bf3 a5 53. c4 Qc7 54. b3 Qd7 55. Be4 1-0

[Event "Anogia op 5th"]
[Site "Anogia"]
[Date "2016.07.12"]
[Round "1"]
[White "Stathopoulos, Ioannis"]
[Black "Markaki, Sofia"]
[Result "1-0"]
[WhiteElo "2387"]
[BlackElo "1690"]
[PlyCount "73"]
[EventDate "2016.07.12"]
[EventType "swiss"]
[EventRounds "9"]
[EventCountry "GRE"]
[SourceTitle "CBM 173 Extra"]
[Source "ChessBase"]
[SourceDate "2016.08.29"]
[SourceVersion "1"]
[SourceVersionDate "2016.08.29"]
[SourceQuality "1"]

1. d4 d5 2. Nf3 Nf6 3. c4 c6 4. Nc3 e6 5. e3 Nbd7 6. Qc2 Be7 7. Bd3 dxc4 8. Bxc4 b5 9. Bd3 a6 10. e4 c5 11. e5 Nd5 12. Nxd5 exd5 13. Bxh7 c4 14. Bf5 Nf8 15. Bxc8 Qxc8 16. 0-0 Qg4 17. Be3 Ne6 18. Qd1 Qh5 19. h3 Kd7 20. Nh2 Qh7 21. Qf3 Nc7 22. Qg4+ Ne6 23. f4 f5 24. exf6 gxf6 25. f5 Nc7 26. Qf3 Rag8 27. Ng4 Qh4 28. Bf4 Rd8 29. Rae1 Qh7 30. Bxc7 Kxc7 31. Re6 Qg7 32. Ne3 Rd7 33. Nxd5+ Kd8 34. Nxe7 Rxe7 35. Qa8+ Kd7 36. Rxe7+ Kxe7 37. Re1+ 1-0

[Event "GRE-chT 43rd"]
[Site "Porto Rio"]
[Date "2015.10.12"]
[Round "7.6"]
[White "Amiridou, Dimitra"]
[Black "Markaki, Sofia"]
[Result "0-1"]
[WhiteElo "1747"]
[BlackElo "1764"]
[PlyCount "80"]
[EventDate "2015.10.08"]
[EventType "team-swiss"]
[EventRounds "7"]
[EventCountry "GRE"]
[SourceTitle "CBM 168 Extra"]
[Source "ChessBase"]
[SourceDate "2015.10.29"]
[SourceVersion "1"]
[SourceVersionDate "2015.10.29"]
[SourceQuality "1"]
[WhiteTeam "Orekastro Marion"]
[BlackTeam "Chania ADA"]
[WhiteTeamCountry "GRE"]
[BlackTeamCountry "GRE"]

1. e4 c5 2. Nf3 d6 3. d4 cxd4 4. Nxd4 Nf6 5. Nc3 Nc6 6. Bg5 e6 7. Qd2 a6 8. 0-0-0 h6 9. Bh4 Nxe4 10. Qf4 Nf6 11. Nxc6 bxc6 12. Ne4 d5 13. Bxf6 gxf6 14. Nxf6+ Ke7 15. Qh4 Kd6 16. Qb4+ c5 17. Ne4+ Kc6 18. Qa4+ Kb7 19. c4 d4 20. g3 Rb8 21. Nc3 Bd7 22. Nb5 axb5 23. cxb5 Qb6 24. Qb3 Kc7 25. a4 Bc6 26. Rg1 Bd5 27. Qc2 Kb7 28. Bg2 Bxg2 29. Rxg2 Bd6 30. f4 Qc7 31. Qe4+ Kb6 32. Rd3 Qb7 33. a5+ Kxa5 34. Ra3+ Kb6 35. Ra6+ Kc7 36. b6+ Kc8 37. Qe2 Rd8 38. Rg1 Ra8 39. Rxa8+ Qxa8 40. Qd3 Qa1+ 0-1

[Event "Paleochora op 8th"]
[Site "Paleochora"]
[Date "2015.07.17"]
[Round "1"]
[White "Delchev, Aleksander"]
[Black "Markaki, Sofia"]
[Result "1-0"]
[WhiteElo "2606"]
[BlackElo "1777"]
[PlyCount "57"]
[EventDate "2015.07.17"]
[EventType "swiss"]
[EventRounds "9"]
[EventCountry "GRE"]
[SourceTitle "CBM 167 Extra"]
[Source "ChessBase"]
[SourceDate "2015.09.14"]
[SourceVersion "1"]
[SourceVersionDate "2015.09.14"]
[SourceQuality "1"]

1. c4 e5 2. g3 g6 3. d4 exd4 4. Qxd4 Nf6 5. Nc3 Nc6 6. Qe3+ Qe7 7. Qxe7+ Bxe7 8. Bd2 a6 9. Bg2 0-0 10. Nh3 Ne5 11. b3 d6 12. 0-0 c6 13. Ng5 Be6 14. Rfd1 Kg7 15. Bf4 Bf5 16. c5 Rfe8 17. cxd6 Bf8 18. Nf3 Nxf3+ 19. Bxf3 Rad8 20. Rd4 c5 21. Rd2 Ne4 22. Bxe4 Bxe4 23. d7 Re7 24. Nxe4 Rxe4 25. Bc7 Be7 26. Bxd8 Bxd8 27. Rc1 b6 28. Rc4 Re7 29. b4 1-0

[Event "Rethymno op 5th"]
[Site "Rethymno"]
[Date "2013.08.03"]
[Round "8"]
[White "Chakravarthi, YVK"]
[Black "Markaki, Sofia"]
[Result "1-0"]
[WhiteElo "2084"]
[BlackElo "1691"]
[PlyCount "111"]
[EventDate "2013.07.28"]
[EventType "swiss"]
[EventRounds "9"]
[EventCountry "GRE"]
[SourceTitle "CBM 155 Extra"]
[Source "ChessBase"]
[SourceDate "2013.08.26"]
[SourceVersion "1"]
[SourceVersionDate "2013.08.26"]
[SourceQuality "1"]

1. d4 d5 2. c4 c6 3. Nf3 Nf6 4. e3 e6 5. b3 Nbd7 6. Bb2 Be7 7. Nc3 0-0 8. Bd3 b6 9. 0-0 Bb7 10. Qc2 h6 11. Ne5 c5 12. cxd5 Nxd5 13. Nxd5 Bxd5 14. Rad1 Rc8 15. Qe2 Nxe5 16. dxe5 Qc7 17. e4 Bc6 18. f4 b5 19. Bxb5 Bxb5 20. Qxb5 c4 21. Rd7 Qc5+ 22. Qxc5 Bxc5+ 23. Kh1 Bb6 24. bxc4 Rxc4 25. f5 Rxe4 26. h3 Ra4 27. a3 Bc5 28. Rc1 Ra5 29. Rc3 Rb8 30. fxe6 fxe6 31. Bc1 Rb1 32. Kh2 Ra1 33. Rdd3 Kf7 34. Kg3 Kg6 35. Bb2 Re1 36. Rc4 h5 37. Bc3 h4+ 38. Kxh4 Bf2+ 39. Kg4 Raxe5 40. Bxe5 Rxe5 41. Kf3 Bb6 42. Rg4+ Kf6 43. Re4 Rf5+ 44. Rf4 g5 45. Rxf5+ Kxf5 46. Rb3 e5 47. Rb5 Ke6 48. Ke4 Bd4 49. Ra5 Kf6 50. Rd5 Bb2 51. Rd6+ Ke7 52. Ra6 Bd4 53. Kf5 Kf7 54. Kxg5 Bc5 55. Kf5 Bd4 56. g4 1-0

[Event "Rethymno op 5th"]
[Site "Rethymno"]
[Date "2013.07.29"]
[Round "3"]
[White "Markaki, Sofia"]
[Black "Chernukhin, Alexander"]
[Result "1/2-1/2"]
[WhiteElo "1691"]
[BlackElo "2080"]
[PlyCount "90"]
[EventDate "2013.07.28"]
[EventType "swiss"]
[EventRounds "9"]
[EventCountry "GRE"]
[SourceTitle "CBM 155 Extra"]
[Source "ChessBase"]
[SourceDate "2013.08.26"]
[SourceVersion "1"]
[SourceVersionDate "2013.08.26"]
[SourceQuality "1"]

1. e4 d5 2. exd5 Nf6 3. d4 Nxd5 4. c4 Nb6 5. Nf3 Bg4 6. c5 N6d7 7. Bc4 e6 8. 0-0 Nc6 9. Be3 Nf6 10. Nc3 Qd7 11. d5 exd5 12. Nxd5 Nxd5 13. Qxd5 Qxd5 14. Bxd5 0-0-0 15. Bxc6 bxc6 16. Ne5 Be6 17. Nxc6 Rd5 18. Nxa7+ Kb7 19. c6+ Kb8 20. Rfd1 Be7 21. Rxd5 Bxd5 22. a4 Bb3 23. Nb5 Bd6 24. a5 Bc4 25. Nd4 Be5 26. Ra4 Ba6 27. Nb3 Bd6 28. Nd4 Be5 29. Nf3 Bd6 30. Ra1 Re8 31. b4 Re4 32. Nd4 Be5 33. Rd1 Bxd4 34. Rxd4 Rxd4 35. Bxd4 g6 36. f3 Bb5 37. Kf2 Bxc6 38. Ke3 Kb7 39. Be5 Bb5 40. Kd4 c6 41. Bd6 h5 42. Ke5 Bc4 43. g4 Bd5 44. gxh5 gxh5 45. f4 Bc4 1/2-1/2

[Event "GRE-ch U16 Girls"]
[Site "Patras"]
[Date "2013.07.08"]
[Round "1.5"]
[White "Iliopoulou, Eleni"]
[Black "Markaki, Sofia"]
[Result "0-1"]
[WhiteElo "1403"]
[BlackElo "1691"]
[PlyCount "46"]
[EventDate "2013.07.08"]
[EventType "swiss"]
[EventRounds "9"]
[EventCountry "GRE"]
[SourceTitle "EXT 2024"]
[Source "ChessBase"]
[SourceDate "2023.10.10"]
[SourceVersion "1"]
[SourceVersionDate "2023.10.10"]
[SourceQuality "1"]

1. f4 c5 2. Nf3 g6 3. g3 Bg7 4. Bg2 Nc6 5. 0-0 d6 6. d3 e6 7. e4 Nge7 8. Nbd2 0-0 9. Nc4 b5 10. Ne3 Rb8 11. c3 Qb6 12. Kh1 Ba6 13. g4 f5 14. Ng5 Bc8 15. Qb3 h6 16. Nxe6 Na5 17. Nd5 Nxb3 18. Nxb6 Bxe6 19. axb3 axb6 20. gxf5 gxf5 21. exf5 Bxb3 22. Ra7 Nxf5 23. Bh3 Bd5+ 0-1

[Event "GRE-ch U18 Girls"]
[Site "Chania"]
[Date "2013.01.08"]
[Round "9.3"]
[White "Markaki, Sofia"]
[Black "Vozinaki, Anthi Maria"]
[Result "1-0"]
[WhiteElo "1667"]
[BlackElo "1527"]
[PlyCount "61"]
[EventDate "2013.01.02"]
[EventType "swiss"]
[EventRounds "9"]
[EventCountry "GRE"]
[SourceTitle "EXT 2024"]
[Source "ChessBase"]
[SourceDate "2023.10.10"]
[SourceVersion "1"]
[SourceVersionDate "2023.10.10"]
[SourceQuality "1"]

1. e4 c5 2. Nf3 e6 3. d4 cxd4 4. Nxd4 Nf6 5. Nc3 d6 6. g4 h6 7. h4 a6 8. Bg2 Qc7 9. g5 hxg5 10. hxg5 Rxh1+ 11. Bxh1 Nfd7 12. f4 b5 13. Nce2 Bb7 14. Qd2 Nc5 15. Ng3 Nbd7 16. b3 Rb8 17. Bb2 Ba8 18. 0-0-0 a5 19. Kb1 a4 20. Qe2 Qa5 21. g6 a3 22. gxf7+ Kd8 23. Ba1 Nf6 24. e5 Nd5 25. Bxd5 Bxd5 26. exd6 Kd7 27. Nf3 Bxd6 28. Ne5+ Bxe5 29. Qxe5 Qc7 30. Qxg7 Qd6 31. f8Q+ 1-0

[Event "GRE-ch U18 Girls"]
[Site "Chania"]
[Date "2013.01.06"]
[Round "7.5"]
[White "Markaki, Sofia"]
[Black "Petraki, Evaggelia"]
[Result "1-0"]
[WhiteElo "1667"]
[BlackElo "1434"]
[PlyCount "69"]
[EventDate "2013.01.02"]
[EventType "swiss"]
[EventRounds "9"]
[EventCountry "GRE"]
[SourceTitle "EXT 2024"]
[Source "ChessBase"]
[SourceDate "2023.10.10"]
[SourceVersion "1"]
[SourceVersionDate "2023.10.10"]
[SourceQuality "1"]

1. e4 e5 2. d4 exd4 3. c3 dxc3 4. Bc4 Bc5 5. Bxf7+ Kxf7 6. Qd5+ Ke8 7. Qh5+ Kf8 8. Qxc5+ d6 9. Qxc3 Nc6 10. Nf3 Nf6 11. Nbd2 Be6 12. Ng5 Qe7 13. 0-0 h6 14. f4 Ke8 15. Nxe6 Qxe6 16. e5 Nd5 17. Qb3 Kd7 18. Nc4 Nb6 19. Nxb6+ axb6 20. Qg3 Rhg8 21. exd6 Qxd6 22. Qg4+ Qe6 23. f5 Qf6 24. Rd1+ Kc8 25. Bf4 Ra4 26. Qg3 Nd4 27. Rd2 Nxf5 28. Qb3 Rf8 29. Qxa4 Kb8 30. Rc1 Rc8 31. Rd7 Nd6 32. Rd1 Qxb2 33. R1xd6 cxd6 34. Bxd6+ Rc7 35. Rd8# 1-0

[Event "Wch U16 Girls"]
[Site "Al Ain"]
[Date "2013.??.??"]
[Round "6"]
[White "Bermudez Veliz, Josselyn Dayan"]
[Black "Markaki, Sofia"]
[Result "1/2-1/2"]
[WhiteElo "1679"]
[BlackElo "1789"]
[PlyCount "90"]
[EventDate "2013.12.18"]
[EventType "swiss"]
[EventRounds "11"]
[EventCountry "UAE"]
[SourceTitle "CBM 158 Extra"]
[Source "ChessBase"]
[SourceDate "2014.02.28"]
[SourceVersion "1"]
[SourceVersionDate "2014.02.28"]
[SourceQuality "1"]

1. Nf3 d5 2. c4 c6 3. Qc2 Nf6 4. g3 Nbd7 5. Bg2 e5 6. 0-0 Be7 7. e3 0-0 8. d4 exd4 9. Nxd4 dxc4 10. Qxc4 Nb6 11. Qc2 Re8 12. Nc3 Bg4 13. b3 Qd7 14. Re1 Nbd5 15. a3 Nxc3 16. Qxc3 c5 17. Nf3 Ne4 18. Qc2 Bf6 19. Bb2 Qf5 20. Bxf6 Bxf3 21. Bxf3 Qxf3 22. Bb2 Re6 23. Rad1 Ng5 24. h4 Nh3+ 25. Kh2 Qxf2+ 26. Qxf2 Nxf2 27. Rd7 b6 28. Rf1 Ng4+ 29. Kh3 Nh6 30. Rfd1 Ree8 31. R1d5 Kf8 32. Rg5 g6 33. Rgd5 Rxe3 34. Bc1 Rxb3 35. Bxh6+ Ke8 36. Bg5 f6 37. Bxf6 Rf3 38. Re7+ Kf8 39. Re6 Kf7 40. Rdd6 Re8 41. Rxe8 Kxe8 42. Rd8+ Kf7 43. Bb2 Rb3 44. Bc1 Rc3 45. Bb2 Rb3 1/2-1/2

[Event "Wch U16 Girls"]
[Site "Al Ain"]
[Date "2013.??.??"]
[Round "2"]
[White "Karania, Saloni"]
[Black "Markaki, Sofia"]
[Result "0-1"]
[WhiteElo "1210"]
[BlackElo "1789"]
[PlyCount "106"]
[EventDate "2013.12.18"]
[EventType "swiss"]
[EventRounds "11"]
[EventCountry "UAE"]
[SourceTitle "CBM 158 Extra"]
[Source "ChessBase"]
[SourceDate "2014.02.28"]
[SourceVersion "1"]
[SourceVersionDate "2014.02.28"]
[SourceQuality "1"]

1. b3 d5 2. Bb2 c5 3. e3 Nc6 4. Nf3 e6 5. c4 Nf6 6. cxd5 Nxd5 7. Bb5 Bd7 8. Bxc6 Bxc6 9. Ne5 Bb5 10. Nc3 Ba6 11. Qf3 Nf6 12. Ne4 Be7 13. Rc1 Rc8 14. Ng4 Nxe4 15. Qxe4 Qd3 16. Qxd3 Bxd3 17. Ne5 Ba6 18. a4 f6 19. Nc4 Kf7 20. Ke2 Rhd8 21. d3 b6 22. Rhd1 Rd5 23. e4 Rd7 24. g3 b5 25. axb5 Bxb5 26. Ne3 Rb8 27. Rc3 Rdb7 28. Nc2 Bc6 29. Na1 Rb5 30. Ba3 Ra5 31. Bb2 f5 32. Rc4 Bb5 33. Rc2 fxe4 34. Ke3 exd3 35. Rcc1 Ra2 36. Bc3 Re2+ 37. Kf3 Bc6+ 38. Kf4 Rxf2+ 39. Ke3 Rf3+ 40. Kd2 Bg5+ 41. Ke1 Bxc1 42. Rxc1 Rd8 43. Kd2 Rf6 44. Ke3 d2 45. Rd1 Rf3+ 46. Ke2 Rxc3 47. Rxd2 Bb5+ 48. Kd1 Rxd2+ 49. Kxd2 Rd3+ 50. Kc2 Rf3 51. Kb1 Rf1+ 52. Kb2 e5 53. Nc2 e4 0-1

[Event "GRE-chT U16"]
[Site "Patras"]
[Date "2012.12.15"]
[Round "2.5"]
[White "Markaki, Sofia"]
[Black "Liapi Zenebisi, Filippa Areti"]
[Result "0-1"]
[WhiteElo "1676"]
[BlackElo "1516"]
[PlyCount "50"]
[EventDate "2012.12.15"]
[EventType "team"]
[EventRounds "5"]
[EventCountry "GRE"]
[SourceTitle "EXT 2020"]
[Source "ChessBase"]
[SourceDate "2019.10.17"]
[SourceVersion "1"]
[SourceVersionDate "2019.10.17"]
[SourceQuality "1"]

1. e4 c5 2. Nf3 e6 3. c4 Nc6 4. d4 cxd4 5. Nxd4 Qc7 6. Nc3 a6 7. Be3 Nf6 8. Be2 Bb4 9. Nxc6 Qxc6 10. f3 d5 11. exd5 exd5 12. Qd4 dxc4 13. Bxc4 Be7 14. 0-0 0-0 15. Bb3 Rd8 16. Qf4 Be6 17. Bxe6 Qxe6 18. Rfe1 Qc6 19. Rac1 Rac8 20. Na4 Qb5 21. Rxc8 Rxc8 22. Bd4 Qxa4 23. Rxe7 Rd8 24. Be3 Qd1+ 25. Kf2 Qc2+ 0-1

[Event "GRE-chT 40th"]
[Site "Achaia"]
[Date "2012.07.05"]
[Round "7.1"]
[White "Markaki, Sofia"]
[Black "Papathanasiou, Elisavet"]
[Result "0-1"]
[WhiteElo "1625"]
[BlackElo "1922"]
[PlyCount "110"]
[EventDate "2012.06.30"]
[EventType "team-swiss"]
[EventRounds "7"]
[EventCountry "GRE"]
[SourceTitle "CBM 149 Extra"]
[Source "ChessBase"]
[SourceDate "2012.08.24"]
[SourceVersion "1"]
[SourceVersionDate "2012.08.24"]
[SourceQuality "1"]
[WhiteTeam "Chania ADA"]
[BlackTeam "Peristeriou"]
[WhiteTeamCountry "GRE"]
[BlackTeamCountry "GRE"]

1. e4 c5 2. d3 Nc6 3. g3 g6 4. Bg2 Bg7 5. Nc3 d6 6. Be3 Rb8 7. Qd2 Nd4 8. Nd1 b5 9. c3 Nc6 10. d4 cxd4 11. cxd4 Na5 12. b3 Nf6 13. Bh6 0-0 14. Bxg7 Kxg7 15. Ne2 Bb7 16. d5 Ba6 17. 0-0 b4 18. Re1 Qb6 19. Nd4 Rfc8 20. Kh1 Rc5 21. f4 Bb7 22. Nb2 Rcc8 23. Nc2 Ba6 24. e5 Ng4 25. Bf3 h5 26. Bxg4 hxg4 27. Ne3 dxe5 28. Nxg4 Bb7 29. h3 Rd8 30. Rxe5 e6 31. Nc4 Qc5 32. Qb2 Kf8 33. Kh2 Bxd5 34. Nce3 Nc6 35. Rc1 Qd6 36. Rxd5 exd5 37. Re1 d4 38. Nc4 Qd7 39. Nf6 Qf5 40. Ne4 Kg8 41. Qf2 Kg7 42. g4 Qd7 43. f5 Qc7+ 44. Kg2 gxf5 45. Qxf5 Ne7 46. Qf6+ Kg8 47. Qg5+ Ng6 48. h4 Qf4 49. Nf6+ Kh8 50. Qh5+ Kg7 51. Qh7+ Kxf6 52. g5+ Kf5 53. Qxf7+ Kg4 54. Qxg6 Qg3+ 55. Kf1 Rf8+ 0-1

[Event "GRE-chT 40th"]
[Site "Achaia"]
[Date "2012.07.04"]
[Round "6.4"]
[White "Markaki, Sofia"]
[Black "Pasoglou, Ekaterini"]
[Result "1-0"]
[WhiteElo "1625"]
[BlackElo "1591"]
[PlyCount "81"]
[EventDate "2012.06.30"]
[EventType "team-swiss"]
[EventRounds "7"]
[EventCountry "GRE"]
[SourceTitle "CBM 149 Extra"]
[Source "ChessBase"]
[SourceDate "2012.08.24"]
[SourceVersion "1"]
[SourceVersionDate "2012.08.24"]
[SourceQuality "1"]
[WhiteTeam "Chania ADA"]
[BlackTeam "Thessaloniki"]
[WhiteTeamCountry "GRE"]
[BlackTeamCountry "GRE"]

1. e4 d5 2. exd5 Qxd5 3. Nc3 Qd6 4. d4 Nf6 5. Nf3 a6 6. a4 Bg4 7. Be2 Nc6 8. 0-0 e6 9. Be3 0-0-0 10. Nb5 Qd7 11. c4 h6 12. Qb3 Ne4 13. h3 Bf5 14. Bf4 Bd6 15. Nxd6+ Nxd6 16. Rfd1 Qe7 17. Ne5 Nxe5 18. Bxe5 f6 19. Bh2 Rhe8 20. c5 Ne4 21. c6 bxc6 22. Bxa6+ Kd7 23. Rac1 Rb8 24. Qc4 Nd6 25. Qxc6+ Kd8 26. Qc3 Rf8 27. b3 Rf7 28. Be2 Ne4 29. Qe3 Qb4 30. Bc4 Re7 31. f3 Nd6 32. Bxd6 Qxd6 33. Bb5 Qg3 34. d5 Kc8 35. Ba6+ Kd8 36. dxe6+ Ke8 37. Bb5+ Kf8 38. Qc5 Bxh3 39. Rc2 Qg6 40. Rd7 Rbe8 41. Rxc7 1-0

[Event "GRE-chT 40th"]
[Site "Achaia"]
[Date "2012.07.03"]
[Round "5.5"]
[White "Manolopoulou, Vasiliki"]
[Black "Markaki, Sofia"]
[Result "0-1"]
[WhiteElo "1394"]
[BlackElo "1625"]
[PlyCount "96"]
[EventDate "2012.06.30"]
[EventType "team-swiss"]
[EventRounds "7"]
[EventCountry "GRE"]
[SourceTitle "CBM 149 Extra"]
[Source "ChessBase"]
[SourceDate "2012.08.24"]
[SourceVersion "1"]
[SourceVersionDate "2012.08.24"]
[SourceQuality "1"]
[WhiteTeam "Peiraikos"]
[BlackTeam "Chania ADA"]
[WhiteTeamCountry "GRE"]
[BlackTeamCountry "GRE"]

1. e4 c5 2. Nf3 d6 3. d4 cxd4 4. Qxd4 Nc6 5. Bb5 Bd7 6. Bxc6 Bxc6 7. Nc3 Nf6 8. Bg5 e6 9. 0-0-0 Be7 10. Rhe1 0-0 11. Kb1 Qc7 12. Qd2 a6 13. Nd4 Bd7 14. f3 b5 15. g4 Rac8 16. h4 a5 17. Nd5 Qd8 18. Nxe7+ Qxe7 19. Ne2 h6 20. Bxf6 Qxf6 21. Qxd6 Bc6 22. Qg3 Qe7 23. Rg1 g6 24. Rdf1 Qc5 25. Qf4 Kh7 26. g5 h5 27. Qf6 Bxe4 28. Nc3 Bf5 29. Rc1 Qc4 30. Rge1 Qxh4 31. Ne4 Bxe4 32. Rxe4 Qf2 33. f4 Kg8 34. Ree1 Rc4 35. Rf1 Qc5 36. Rh1 Qf5 37. Qxf5 exf5 38. Rhf1 f6 39. gxf6 Rxf6 40. c3 Re6 41. Rc2 Rce4 42. Rcc1 Kh7 43. Kc2 Re2+ 44. Kb3 Rd2 45. Rc2 Rxc2 46. Kxc2 Re2+ 47. Kb3 Kh6 48. Ka3 h4 0-1

[Event "GRE-chT 40th"]
[Site "Achaia"]
[Date "2012.07.02"]
[Round "4.3"]
[White "Serefidou, Despina"]
[Black "Markaki, Sofia"]
[Result "1-0"]
[WhiteElo "1856"]
[BlackElo "1625"]
[PlyCount "121"]
[EventDate "2012.06.30"]
[EventType "team-swiss"]
[EventRounds "7"]
[EventCountry "GRE"]
[SourceTitle "CBM 149 Extra"]
[Source "ChessBase"]
[SourceDate "2012.08.24"]
[SourceVersion "1"]
[SourceVersionDate "2012.08.24"]
[SourceQuality "1"]
[WhiteTeam "Kavalas"]
[BlackTeam "Chania ADA"]
[WhiteTeamCountry "GRE"]
[BlackTeamCountry "GRE"]

1. e4 c5 2. Nf3 d6 3. d4 cxd4 4. Nxd4 Nf6 5. Nc3 Nc6 6. Bc4 a6 7. Nxc6 bxc6 8. e5 d5 9. exf6 dxc4 10. Qxd8+ Kxd8 11. fxe7+ Bxe7 12. Bf4 Be6 13. 0-0-0+ Kc8 14. Bd6 Bxd6 15. Rxd6 Kc7 16. Rhd1 Rab8 17. R6d4 Rhe8 18. Ne4 Bd5 19. Nc3 Be6 20. f3 h6 21. Ne4 Bd5 22. Nc3 Be6 23. Ne2 g5 24. Ng3 Rb5 25. c3 Bd5 26. R4d2 Re5 27. Re2 Be6 28. Rde1 Rxe2 29. Rxe2 Kd7 30. Ne4 Ke7 31. Nd2 Kd7 32. Re4 Rc5 33. h4 f5 34. Rd4+ Rd5 35. hxg5 Rxd4 36. cxd4 hxg5 37. Kc2 Kd6 38. Kc3 g4 39. Nxc4+ Kc7 40. fxg4 fxg4 41. b3 g3 42. Ne3 Kb6 43. Kb4 Bg8 44. Nf5 Bd5 45. Nxg3 Bxg2 46. a4 a5+ 47. Kc3 c5 48. Nf5 Bd5 49. dxc5+ Kxc5 50. Ne3 Be6 51. Nc4 Bd7 52. Nxa5 Kb6 53. Nc4+ Ka6 54. Kb4 Be6 55. Kc5 Bf7 56. b4 Ka7 57. b5 Bh5 58. a5 Bf3 59. Ne5 Ba8 60. Nc6+ Kb7 61. a6+ 1-0

[Event "GRE-chT 40th"]
[Site "Achaia"]
[Date "2012.06.30"]
[Round "1.5"]
[White "Androni, Dimitra Alexandra"]
[Black "Markaki, Sofia"]
[Result "1/2-1/2"]
[WhiteElo "1561"]
[BlackElo "1625"]
[PlyCount "177"]
[EventDate "2012.06.30"]
[EventType "team-swiss"]
[EventRounds "7"]
[EventCountry "GRE"]
[SourceTitle "CBM 149 Extra"]
[Source "ChessBase"]
[SourceDate "2012.08.24"]
[SourceVersion "1"]
[SourceVersionDate "2012.08.24"]
[SourceQuality "1"]
[WhiteTeam "Koropiou"]
[BlackTeam "Chania ADA"]
[WhiteTeamCountry "GRE"]
[BlackTeamCountry "GRE"]

1. e4 c5 2. Nc3 Nc6 3. Bb5 Nd4 4. Be2 d6 5. d3 Nf6 6. Be3 a6 7. a4 b6 8. f4 Bb7 9. Nf3 Nxe2 10. Qxe2 e6 11. 0-0 Be7 12. Qf2 Ng4 13. Qd2 Nxe3 14. Qxe3 0-0 15. Ne2 Qc7 16. Ng3 Rfd8 17. f5 Bf6 18. c3 exf5 19. Nxf5 Re8 20. Ng5 Qd8 21. Nh3 d5 22. Qg3 Bc6 23. e5 Rxe5 24. Nh6+ Kf8 25. Rxf6 Qxf6 26. Ng4 Rg5 27. Nxg5 Qxg5 28. Qd6+ Qe7 29. Qxc6 Re8 30. Qxd5 g6 31. Qf3 Kg7 32. Rf1 f5 33. Nf2 Qd7 34. Qf4 Re2 35. b4 Ra2 36. bxc5 bxc5 37. Qe5+ Kg8 38. Qxc5 Rxa4 39. c4 Ra2 40. Rb1 Qe8 41. Qd5+ Kg7 42. c5 Ra5 43. Qb7+ Kh6 44. d4 Rb5 45. c6 Qe3 46. h3 Qf4 47. Rf1 Qxd4 48. Qxa6 Rb6 49. Qa7 Qc5 50. Qd7 Rxc6 51. Qd2+ Kg7 52. Rd1 Kf6 53. h4 Rc7 54. Qd8+ Kf7 55. Qd5+ Qxd5 56. Rxd5 Ke6 57. Ra5 Rc4 58. g3 Rc7 59. Nd3 Re7 60. Nf4+ Kd6 61. h5 g5 62. Rd5+ Kc6 63. Rxf5 gxf4 64. Rxf4 Rg7 65. Kf2 Kd6 66. g4 Ke5 67. Rf5+ Ke4 68. Kg3 Rd7 69. Rf6 Ke5 70. Rf8 Ke6 71. Kf4 Rg7 72. g5 Ke7 73. Ra8 Rf7+ 74. Ke5 Rg7 75. Ra7+ Kf8 76. Rxg7 Kxg7 77. Ke6 h6 78. g6 Kg8 79. Kf5 Kg7 80. Ke5 Kg8 81. Kf6 Kh8 82. Ke7 Kg7 83. Kd7 Kg8 84. Ke6 Kg7 85. Ke7 Kg8 86. Ke6 Kg7 87. Ke7 Kg8 88. Kf6 Kh8 89. Kf7 1/2-1/2

[Event "GRE-ch U16 Girls"]
[Site "Rio Achaia"]
[Date "2012.06.26"]
[Round "3.1"]
[White "Serefidou, Despina"]
[Black "Markaki, Sofia"]
[Result "1/2-1/2"]
[WhiteElo "1856"]
[BlackElo "1625"]
[PlyCount "115"]
[EventDate "2012.06.24"]
[EventType "swiss"]
[EventRounds "6"]
[EventCountry "GRE"]
[SourceTitle "EXT 2024"]
[Source "ChessBase"]
[SourceDate "2023.10.10"]
[SourceVersion "1"]
[SourceVersionDate "2023.10.10"]
[SourceQuality "1"]

1. e4 c5 2. Nf3 d6 3. Bb5+ Nd7 4. d4 cxd4 5. Qxd4 a6 6. Bxd7+ Bxd7 7. c4 h6 8. Nc3 e6 9. 0-0 Nf6 10. b3 Be7 11. a4 b6 12. Ba3 Bc6 13. Nd2 0-0 14. b4 Bb7 15. Bb2 e5 16. Qd3 Nh5 17. Ne2 f5 18. exf5 Qc8 19. f3 Qxf5 20. Qxf5 Rxf5 21. Ne4 Rff8 22. N2c3 Rac8 23. Nd2 Nf4 24. Rfd1 Ne6 25. Rac1 Bg5 26. Ra1 Nd4 27. Nde4 Be7 28. Nd2 Nc2 29. Rab1 Ne3 30. Rdc1 Nxc4 31. Nxc4 Rxc4 32. Na2 Rfc8 33. Rxc4 Rxc4 34. Rc1 Rxc1+ 35. Bxc1 d5 36. Kf2 b5 37. axb5 axb5 38. Bb2 Bd6 39. Ke3 Kf7 40. g3 Ke6 41. f4 h5 42. fxe5 Bxe5 43. Bd4 g5 44. Nc3 Bc6 45. Ne2 Kf5 46. Bxe5 Kxe5 47. Nd4 Be8 48. h4 gxh4 49. gxh4 Bd7 50. Ne2 Kf5 51. Kf3 Ke5 52. Ke3 Bh3 53. Nd4 Bf1 54. Nc6+ Kf5 55. Kf3 Bd3 56. Nd4+ Ke5 57. Ke3 Bc4 58. Nc6+ 1/2-1/2